Corrosion

Gorde:
Xehetasun bibliografikoak
Egile nagusia: Galvele, José R.
Formatua: Liburua
Hizkuntza:Spanish
Argitaratua: Washington : Secr. General, Organización de los Estados Americanos, 1979.
Saila:Serie de química. Monografía
Gaiak:
Etiketak: Etiketa erantsi
Etiketarik gabe, Izan zaitez lehena erregistro honi etiketa jartzen!

MARC

LEADER 00000nam a2200000Ia 4500
003 000313
005 20221231143959.0
008 140114s1979 waua 000 ||spa d
040 |c cru CEDI 
082 |a 620.112.2 G165c 
100 |a Galvele, José R.  |9 19634 
245 |a Corrosion 
260 |a Washington : Secr. General, Organización de los Estados Americanos,  |c  1979. 
300 |a 84 páginas : ilustraciones ; 23 cm 
440 |a Serie de química. Monografía  |9 18655 
650 |x CORROSION Y ANTICORROSIVOS   |9 19635 
942 |2 ddc  |c BK 
999 |c 15129  |d 15129